[Event "17. Obert Int. Sant Marti 2015 - B"]
[Site "Barcelona ESP"]
[Date "2015.07.19"]
[Round "7.13"]
[White "Ayza Casamitjana, Antoni"]
[Black "Julia Yebra, David"]
[Result "0-1"]
[WhiteElo "1945"]
[BlackElo "2002"]
[PlyCount "68"]
[EventDate "2015.07.13"]
[EventType "swiss"]
[EventRounds "9"]
[EventCountry "ESP"]
[SourceTitle "Ajedrez en Madrid"]
[Source "lmi"]
[SourceDate "2015.07.13"]
[SourceVersion "1"]
[SourceVersionDate "2019.06.21"]
[SourceQuality "1"]

1. e4 d6 2. d4 Nf6 3. Bd3 c6 4. Ne2 e5 5. O-O Be7 6. c4 O-O 7. Nbc3 Nbd7 8. h3
exd4 9. Nxd4 Nc5 10. Bc2 Re8 11. b4 Ne6 12. Nf5 Bf8 13. a3 Nc7 14. Ng3 g6 15.
Rb1 Nd7 16. f4 Qh4 17. Qf3 a5 18. Bb2 Bg7 19. Nge2 axb4 20. axb4 Qe7 21. Rfd1
Nb6 22. Qd3 d5 23. cxd5 cxd5 24. Nxd5 Nbxd5 25. Bxg7 Kxg7 26. exd5 Qxe2 27.
Qc3+ Kg8 28. Qxc7 Qe3+ 29. Kh2 Ra3 30. Rd3 Rxd3 31. Bxd3 Qxd3 32. d6 Qxb1 33.
d7 Bxd7 34. Qxd7 Qe4 0-1

[Event "17. Obert Int. Sant Marti 2015 - B"]
[Site "Barcelona ESP"]
[Date "2015.07.19"]
[Round "7.14"]
[White "Ramos Alvarez, Maximo"]
[Black "Serra Vilaro, Agusti"]
[Result "1-0"]
[WhiteElo "2002"]
[BlackElo "1953"]
[PlyCount "71"]
[EventDate "2015.07.13"]
[EventType "swiss"]
[EventRounds "9"]
[EventCountry "ESP"]
[SourceTitle "Ajedrez en Madrid"]
[Source "lmi"]
[SourceDate "2015.07.13"]
[SourceVersion "1"]
[SourceVersionDate "2019.06.21"]
[SourceQuality "1"]

1. d4 e6 2. e4 d5 3. Nc3 Nf6 4. Bg5 Be7 5. e5 Nfd7 6. h4 a6 7. Qg4 h5 8. Qg3
Bxg5 9. hxg5 g6 10. f4 c5 11. dxc5 Nc6 12. Nf3 Nxc5 13. O-O-O Qa5 14. a3 Bd7
15. f5 O-O-O 16. fxg6 fxg6 17. Kb1 Rhf8 18. Rh4 Ne7 19. Nd4 Nf5 20. Nxf5 Rxf5
21. b4 Qb6 22. Ka2 Na4 23. Nxa4 Bxa4 24. Bd3 Rdf8 25. Bxf5 Rxf5 26. Rf4 Qc7 27.
Rf2 Kb8 28. Kb2 Rxf2 29. Qxf2 Qxe5+ 30. Kb1 Qxg5 31. Qf8+ Ka7 32. Qc5+ Kb8 33.
Rf1 Bc6 34. Qd6+ Ka7 35. Rf8 Qd2 36. Qc5+ 1-0

[Event "17. Obert Int. Sant Marti 2015 - B"]
[Site "Barcelona ESP"]
[Date "2015.07.19"]
[Round "7.15"]
[White "Collell Rodriguez, Victor"]
[Black "Raisin, Maxime"]
[Result "1/2-1/2"]
[WhiteElo "1987"]
[BlackElo "1777"]
[PlyCount "47"]
[EventDate "2015.07.13"]
[EventType "swiss"]
[EventRounds "9"]
[EventCountry "ESP"]
[SourceTitle "Ajedrez en Madrid"]
[Source "lmi"]
[SourceDate "2015.07.13"]
[SourceVersion "1"]
[SourceVersionDate "2019.06.21"]
[SourceQuality "1"]

1. e4 e6 2. Nf3 d5 3. Nc3 Nf6 4. e5 Nfd7 5. d4 a6 6. Bf4 c5 7. dxc5 Bxc5 8. Bd3
Qb6 9. O-O Qxb2 10. Qd2 Bb4 11. Rab1 Qxc3 12. Rxb4 Qxd2 13. Bxd2 Nc6 14. Rg4 g6
15. Re1 Nc5 16. Nd4 Nxd3 17. cxd3 Nxd4 18. Rxd4 Bd7 19. Rc1 Bc6 20. Rb4 O-O 21.
d4 Rfc8 22. Rbb1 Bb5 23. Rxc8+ Rxc8 24. Rc1 1/2-1/2

[Event "17. Obert Int. Sant Marti 2015 - B"]
[Site "Barcelona ESP"]
[Date "2015.07.19"]
[Round "7.16"]
[White "Cespedes Llaverias, Llibert"]
[Black "Catala Ulied, Bernat"]
[Result "1/2-1/2"]
[WhiteElo "1940"]
[BlackElo "1977"]
[PlyCount "78"]
[EventDate "2015.07.13"]
[EventType "swiss"]
[EventRounds "9"]
[EventCountry "ESP"]
[SourceTitle "Ajedrez en Madrid"]
[Source "lmi"]
[SourceDate "2015.07.13"]
[SourceVersion "1"]
[SourceVersionDate "2019.06.21"]
[SourceQuality "1"]

1. e4 c5 2. Nf3 d6 3. Bb5+ Bd7 4. Bxd7+ Qxd7 5. O-O Nc6 6. c3 Nf6 7. Re1 g6 8.
d4 Bg7 9. Bf4 O-O 10. Nbd2 cxd4 11. cxd4 Rac8 12. Qe2 Nb4 13. Rac1 Nxa2 14. Ra1
Nb4 15. Rxa7 Rc2 16. b3 Rfc8 17. Ra4 Na2 18. Rc4 b5 19. Rxc8+ Rxc8 20. Nb1 Nc3
21. Qd3 b4 22. Nfd2 h6 23. Nc4 Qb7 24. f3 d5 25. Ncd2 dxe4 26. fxe4 Nxb1 27.
Nxb1 Ng4 28. Rc1 Rxc1+ 29. Bxc1 e5 30. h3 Nf6 31. d5 Qb6+ 32. Be3 Qd6 33. Qc4
Bf8 34. Nd2 h5 35. Qc2 Nd7 36. Qc6 Nf6 37. Qxd6 Bxd6 38. Kf2 Kf8 39. Kf3 Nd7
1/2-1/2

[Event "17. Obert Int. Sant Marti 2015 - B"]
[Site "Barcelona ESP"]
[Date "2015.07.19"]
[Round "7.17"]
[White "Ferres Saez, Joan"]
[Black "De La Fuente  Clemente, Constantino"]
[Result "0-1"]
[WhiteElo "1901"]
[BlackElo "2043"]
[PlyCount "108"]
[EventDate "2015.07.13"]
[EventType "swiss"]
[EventRounds "9"]
[EventCountry "ESP"]
[SourceTitle "Ajedrez en Madrid"]
[Source "lmi"]
[SourceDate "2015.07.13"]
[SourceVersion "1"]
[SourceVersionDate "2019.06.21"]
[SourceQuality "1"]

1. d4 d5 2. c4 dxc4 3. Nc3 a6 4. g3 b5 5. Bg2 c6 6. Nf3 Nf6 7. Ne5 Bb7 8. O-O
e6 9. a4 Qc7 10. axb5 axb5 11. Rxa8 Bxa8 12. Nxb5 cxb5 13. Bxa8 Nd5 14. Bxd5
exd5 15. e4 Be7 16. exd5 O-O 17. Qf3 Bf6 18. Bf4 Qa7 19. Rd1 Qa2 20. Ng4 Be7
21. d6 Bd8 22. Qb7 Qxb2 23. Qxb8 c3 24. Re1 c2 25. d7 Qb1 26. Bc1 f5 27. Re8
Qxc1+ 28. Kg2 Qh1+ 29. Kxh1 c1=Q+ 30. Kg2 Qc6+ 31. f3 Qxd7 32. Rxf8+ Kxf8 33.
Ne5 Qxd4 34. Nc6 Qd2+ 35. Kh3 Qh6+ 36. Kg2 Qxc6 37. Qxd8+ Kf7 38. Qd3 g6 39.
Kh3 Qc4 40. Qd7+ Kf6 41. Qd8+ Ke6 42. f4 Qf1+ 43. Kh4 Qf3 44. Qc8+ Kd6 45. Qb8+
Kc5 46. Qa7+ Kc4 47. Qc7+ Kd3 48. Qd7+ Ke3 49. Kg5 Qh5+ 50. Kf6 Qxh2 51. Qxb5
Qxg3 52. Qb3+ Kxf4 53. Qf7 Qc3+ 54. Ke7 Qc7+ 0-1

[Event "17. Obert Int. Sant Marti 2015 - B"]
[Site "Barcelona ESP"]
[Date "2015.07.19"]
[Round "7.18"]
[White "Carrey Abellan, Enric"]
[Black "Volart Buil, Jordi"]
[Result "1-0"]
[WhiteElo "2022"]
[BlackElo "1946"]
[PlyCount "105"]
[EventDate "2015.07.13"]
[EventType "swiss"]
[EventRounds "9"]
[EventCountry "ESP"]
[SourceTitle "Ajedrez en Madrid"]
[Source "lmi"]
[SourceDate "2015.07.13"]
[SourceVersion "1"]
[SourceVersionDate "2019.06.21"]
[SourceQuality "1"]

1. d4 Nf6 2. c4 c5 3. d5 d6 4. Nc3 e5 5. e4 Be7 6. Bd3 Nbd7 7. Nge2 Nf8 8. h3
Ng6 9. Be3 Bd7 10. Qb3 Qc8 11. Qa3 b6 12. Bc2 O-O 13. Ng3 Nh4 14. Rg1 Bxh3 15.
O-O-O Nxg2 16. Bd2 Nf4 17. Rh1 Bg4 18. Rde1 Bf3 19. Rhg1 Nh3 20. Nf5 Qd7 21.
Rxg7+ Kh8 22. Nb5 Bg4 23. Rxg4 Nxg4 24. Qxh3 Rg8 25. Rh1 Nf6 26. Qh4 Rg4 27.
Qh3 Rag8 28. Nc3 Rg1+ 29. Nd1 Rxh1 30. Qxh1 Rg6 31. Nde3 Bf8 32. Bd1 b5 33. Ng3
Bh6 34. cxb5 Qxb5 35. Qf1 Qxf1 36. Nexf1 Bf8 37. Ne3 Be7 38. Nef5 Ng8 39. Ba5
Bg5+ 40. Kc2 Nh6 41. Bh5 Nxf5 42. Nxf5 Rg8 43. Bxf7 Rf8 44. Be6 Bd8 45. Bd2 h5
46. Bh6 Re8 47. Bf7 Re7 48. Nxe7 Bxe7 49. Bxh5 Kh7 50. Be3 Bd8 51. b4 Bb6 52.
bxc5 dxc5 53. Kc3 1-0

[Event "17. Obert Int. Sant Marti 2015 - B"]
[Site "Barcelona ESP"]
[Date "2015.07.19"]
[Round "7.19"]
[White "Escofet Llongueras, Joan"]
[Black "Martinez Hernandez, Emili"]
[Result "0-1"]
[WhiteElo "1921"]
[BlackElo "2018"]
[PlyCount "102"]
[EventDate "2015.07.13"]
[EventType "swiss"]
[EventRounds "9"]
[EventCountry "ESP"]
[SourceTitle "Ajedrez en Madrid"]
[Source "lmi"]
[SourceDate "2015.07.13"]
[SourceVersion "1"]
[SourceVersionDate "2019.06.21"]
[SourceQuality "1"]

1. c4 f5 2. Nc3 Nf6 3. g3 e6 4. Bg2 c6 5. d4 d5 6. cxd5 exd5 7. Nf3 Bd6 8. O-O
O-O 9. e3 Nbd7 10. b3 Ne4 11. Bb2 a5 12. Rc1 Qe7 13. Ne2 Ng5 14. Nxg5 Qxg5 15.
Nf4 Qe7 16. Qd2 Nf6 17. f3 Bd7 18. Nd3 a4 19. Ne5 axb3 20. axb3 Ra2 21. Ra1
Rfa8 22. Rxa2 Rxa2 23. Ra1 Rxa1+ 24. Bxa1 Be8 25. Qc2 g6 26. Kf2 Qd8 27. Qa2
Qb8 28. Nd3 h5 29. Nc5 Kg7 30. Bc3 Nd7 31. Nd3 h4 32. f4 hxg3+ 33. hxg3 Nf6 34.
Bf3 Qc8 35. Bb4 Bxb4 36. Nxb4 Bf7 37. Nd3 Qh8 38. Kg1 Ne4 39. Ne5 Nxg3 40. Qa3
Qe8 41. Qd6 Ne4 42. Qc7 g5 43. Qxb7 g4 44. Bxe4 dxe4 45. Nxc6 Qe6 46. b4 Qb3
47. Kf2 Qc2+ 48. Ke1 Qc3+ 49. Kd1 Qd3+ 50. Kc1 Qxe3+ 51. Kb1 g3 0-1

[Event "17. Obert Int. Sant Marti 2015 - B"]
[Site "Barcelona ESP"]
[Date "2015.07.19"]
[Round "7.20"]
[White "Vicente Soriano, Josep"]
[Black "Sanchez Esteban, Emilio"]
[Result "1-0"]
[WhiteElo "2006"]
[BlackElo "1947"]
[PlyCount "43"]
[EventDate "2015.07.13"]
[EventType "swiss"]
[EventRounds "9"]
[EventCountry "ESP"]
[SourceTitle "Ajedrez en Madrid"]
[Source "lmi"]
[SourceDate "2015.07.13"]
[SourceVersion "1"]
[SourceVersionDate "2019.06.21"]
[SourceQuality "1"]

1. e4 g6 2. d4 d6 3. f4 e6 4. Nf3 Bg7 5. Bd3 Nc6 6. c3 Nge7 7. O-O O-O 8. Na3
a6 9. Nc2 b5 10. Qe1 Bb7 11. f5 Re8 12. Qh4 exf5 13. exf5 Nd5 14. fxg6 fxg6 15.
Bg5 Bf6 16. Bxf6 Qxf6 17. Ng5 Qh8 18. Nf7 Qg7 19. Nh6+ Kh8 20. Rf7 g5 21. Qh5
Nf6 22. Rxg7 1-0

[Event "17. Obert Int. Sant Marti 2015 - B"]
[Site "Barcelona ESP"]
[Date "2015.07.19"]
[Round "7.21"]
[White "Maynat Diaz, Jose Antonio"]
[Black "Pascual Gonzalez-Novelles, Carles"]
[Result "1/2-1/2"]
[WhiteElo "2003"]
[BlackElo "1931"]
[PlyCount "93"]
[EventDate "2015.07.13"]
[EventType "swiss"]
[EventRounds "9"]
[EventCountry "ESP"]
[SourceTitle "Ajedrez en Madrid"]
[Source "lmi"]
[SourceDate "2015.07.13"]
[SourceVersion "1"]
[SourceVersionDate "2019.06.21"]
[SourceQuality "1"]

1. e4 e6 2. d4 d5 3. exd5 exd5 4. c4 Nf6 5. Nc3 c6 6. cxd5 Nxd5 7. Bc4 Bb4 8.
Nge2 Bg4 9. f3 Bh5 10. O-O Nb6 11. Bb3 O-O 12. Nf4 Bg6 13. Nxg6 hxg6 14. Ne4
N8d7 15. Be3 Nd5 16. Bf2 N7f6 17. Qc2 Qd7 18. a3 Ba5 19. Rac1 Rfe8 20. Qc5 Bc7
21. Nxf6+ Nxf6 22. Qc2 Qd6 23. g3 Nd5 24. Qc5 Qxc5 25. dxc5 Rad8 26. Rfe1 Nf6
27. Rc2 Rxe1+ 28. Bxe1 Rd3 29. Rc3 Rxc3 30. Bxc3 Nd7 31. Bd4 Ne5 32. Kf2 Kf8
33. Ke3 g5 34. Ba2 g4 35. Bxe5 Bxe5 36. b3 gxf3 37. Kxf3 Bd4 38. b4 Bb2 39. a4
Ba3 40. b5 cxb5 41. axb5 Bxc5 42. Bd5 b6 43. h3 Ke7 44. g4 f6 45. Ke4 Kd6 46.
Bf7 Ke7 47. Bg6 1/2-1/2

[Event "17. Obert Int. Sant Marti 2015 - B"]
[Site "Barcelona ESP"]
[Date "2015.07.19"]
[Round "7.22"]
[White "Vargas Drechsler, Carlos"]
[Black "Martinez Ferrer, Rafael"]
[Result "1-0"]
[WhiteElo "1973"]
[BlackElo "1930"]
[PlyCount "77"]
[EventDate "2015.07.13"]
[EventType "swiss"]
[EventRounds "9"]
[EventCountry "ESP"]
[SourceTitle "Ajedrez en Madrid"]
[Source "lmi"]
[SourceDate "2015.07.13"]
[SourceVersion "1"]
[SourceVersionDate "2019.06.21"]
[SourceQuality "1"]

1. d4 Nf6 2. Nf3 e6 3. c4 d5 4. g3 c6 5. Bg2 Be7 6. O-O Nbd7 7. Nbd2 a5 8. Qc2
O-O 9. e4 dxe4 10. Nxe4 Nxe4 11. Qxe4 Nf6 12. Qc2 Qc7 13. Bf4 Qd8 14. Rad1 Nh5
15. Be3 Qc7 16. Ng5 Bxg5 17. Bxg5 h6 18. Be3 Nf6 19. d5 cxd5 20. Rd4 e5 21. Rh4
e4 22. Rc1 Be6 23. Qd2 dxc4 24. Bxh6 Qe5 25. Bxg7 e3 26. Bxf6 Qxf6 27. Qxe3
Rab8 28. Be4 Rfe8 29. Bh7+ Kf8 30. Qc5+ Re7 31. Re1 Rd8 32. Rf4 Qh6 33. Bf5 Rd5
34. Qa3 Ke8 35. Bxe6 Rxe6 36. Rfe4 b5 37. Qxa5 Rxe4 38. Rxe4+ Kf8 39. Qa8+ 1-0

[Event "17. Obert Int. Sant Marti 2015 - B"]
[Site "Barcelona ESP"]
[Date "2015.07.19"]
[Round "7.23"]
[White "Caro Martinez, Ramon"]
[Black "Fuentes Barrientos, Carlos"]
[Result "1-0"]
[WhiteElo "1969"]
[BlackElo "1916"]
[PlyCount "115"]
[EventDate "2015.07.13"]
[EventType "swiss"]
[EventRounds "9"]
[EventCountry "ESP"]
[SourceTitle "Ajedrez en Madrid"]
[Source "lmi"]
[SourceDate "2015.07.13"]
[SourceVersion "1"]
[SourceVersionDate "2019.06.21"]
[SourceQuality "1"]

1. d4 Nf6 2. Nf3 c5 3. e3 d5 4. c4 cxd4 5. exd4 dxc4 6. Bxc4 Bg4 7. Nbd2 e6 8.
Qa4+ Nc6 9. Ne5 Qc7 10. Bb5 Rc8 11. O-O Bd6 12. Ndc4 O-O 13. Nxd6 Qxd6 14. Bxc6
bxc6 15. Bf4 Nh5 16. Be3 Be2 17. Rfe1 Bb5 18. Qd1 Nf6 19. a4 Ba6 20. Bf4 Nd5
21. Bg3 Qb4 22. Nd7 Rfd8 23. Nc5 Bb7 24. Be5 Ba8 25. Qg4 g6 26. Qh3 h5 27. Qh4
Qd2 28. Ne4 Qh6 29. g4 Rd7 30. g5 Qf8 31. Rac1 Qb4 32. Qg3 Qxb2 33. Qf3 f5 34.
gxf6 Rf8 35. Qg3 Kh7 36. f7 Rdxf7 37. Ng5+ Kh6 38. Nxf7+ Rxf7 39. Rb1 Qd2 40.
Red1 Qe2 41. Rf1 Rf3 42. Qg2 Qe4 43. Rb8 Nf6 44. Rh8+ Kg7 45. Bxf6+ Kxf6 46.
Rf8+ Kg7 47. Qxf3 Qxf3 48. Rxf3 c5 49. Rd3 c4 50. Rc3 Bd5 51. a5 Kf6 52. Rb1
Kf5 53. Re3 Kf4 54. Rb8 g5 55. h3 Kf5 56. Rf8+ Kg6 57. Rg8+ Kf7 58. Rxg5 1-0

[Event "17. Obert Int. Sant Marti 2015 - B"]
[Site "Barcelona ESP"]
[Date "2015.07.19"]
[Round "7.25"]
[White "Canela Gimenez, M|_ Concepción"]
[Black "Mañosas Vila, Ester"]
[Result "0-1"]
[WhiteElo "1959"]
[BlackElo "1895"]
[PlyCount "60"]
[EventDate "2015.07.13"]
[EventType "swiss"]
[EventRounds "9"]
[EventCountry "ESP"]
[SourceTitle "Ajedrez en Madrid"]
[Source "lmi"]
[SourceDate "2015.07.13"]
[SourceVersion "1"]
[SourceVersionDate "2019.06.21"]
[SourceQuality "1"]

1. c4 e5 2. Nc3 Nc6 3. g3 g6 4. Bg2 Bg7 5. d3 d6 6. e3 Be6 7. Nge2 Qd7 8. Nd5
Nd8 9. f4 c6 10. Ndc3 Bh3 11. Bf3 Nf6 12. Ne4 Nxe4 13. dxe4 O-O 14. Nc3 f5 15.
Qb3 fxe4 16. Nxe4 Nf7 17. Bd2 exf4 18. exf4 d5 19. cxd5 cxd5 20. Nc3 Rae8+ 21.
Ne2 Rd8 22. Kf2 Rfe8 23. Rhd1 Be6 24. Be1 b6 25. Rac1 d4 26. Qa3 d3 27. Bc6
Bd4+ 28. Nxd4 Qxd4+ 29. Kg2 Bd5+ 30. Bxd5 Qxd5+ 0-1

[Event "17. Obert Int. Sant Marti 2015 - B"]
[Site "Barcelona ESP"]
[Date "2015.07.19"]
[Round "7.26"]
[White "Torralba Brosa, Marc"]
[Black "Centelles Vivas, Aleix"]
[Result "1-0"]
[WhiteElo "1900"]
[BlackElo "2034"]
[PlyCount "99"]
[EventDate "2015.07.13"]
[EventType "swiss"]
[EventRounds "9"]
[EventCountry "ESP"]
[SourceTitle "Ajedrez en Madrid"]
[Source "lmi"]
[SourceDate "2015.07.13"]
[SourceVersion "1"]
[SourceVersionDate "2019.06.21"]
[SourceQuality "1"]

1. e4 c6 2. d4 d5 3. Nd2 dxe4 4. Nxe4 Nf6 5. Nxf6+ exf6 6. c3 Bd6 7. Bd3 O-O 8.
Qc2 Re8+ 9. Ne2 g6 10. Bh6 Bf8 11. Qd2 Bxh6 12. Qxh6 f5 13. O-O-O Be6 14. Kb1
Nd7 15. h4 Qf6 16. Nf4 Qg7 17. Qxg7+ Kxg7 18. Nxe6+ Rxe6 19. Rhe1 Rae8 20. Rxe6
Rxe6 21. Kc2 Nf6 22. Rd2 h5 23. Re2 Rxe2+ 24. Bxe2 Ne4 25. f3 Ng3 26. Kd2 f4
27. Bd3 Kf6 28. c4 Nf5 29. Bxf5 Kxf5 30. Kd3 f6 31. d5 Ke5 32. dxc6 bxc6 33. b4
a6 34. a4 g5 35. hxg5 fxg5 36. b5 cxb5 37. cxb5 axb5 38. axb5 Kd5 39. b6 Kc6
40. b7 Kxb7 41. Ke4 Kc6 42. Kf5 g4 43. fxg4 hxg4 44. Kxg4 Kd6 45. Kxf4 Ke6 46.
Kg5 Kf7 47. Kh6 Kg8 48. Kg6 Kh8 49. g4 Kg8 50. g5 1-0

[Event "17. Obert Int. Sant Marti 2015 - B"]
[Site "Barcelona ESP"]
[Date "2015.07.19"]
[Round "7.27"]
[White "Romero Funieles, Rafael De Jesus"]
[Black "Salazar Navas, Josep"]
[Result "0-1"]
[WhiteElo "1893"]
[BlackElo "2024"]
[PlyCount "70"]
[EventDate "2015.07.13"]
[EventType "swiss"]
[EventRounds "9"]
[EventCountry "ESP"]
[SourceTitle "Ajedrez en Madrid"]
[Source "lmi"]
[SourceDate "2015.07.13"]
[SourceVersion "1"]
[SourceVersionDate "2019.06.21"]
[SourceQuality "1"]

1. e4 d5 2. exd5 Nf6 3. c4 c6 4. dxc6 Nxc6 5. Nf3 e5 6. Nc3 e4 7. Ng1 Bc5 8.
Nge2 Qb6 9. Qc2 Bxf2+ 10. Kd1 Bf5 11. Nd5 Nxd5 12. cxd5 Nb4 13. Qa4+ Bd7 14.
Qb3 Qa5 15. Nc3 Rc8 16. a4 O-O 17. Be2 Bf5 18. Bc4 e3 19. Ke2 Rxc4 20. dxe3 Bc2
21. Qa3 Bh4 22. Bd2 Bd3+ 23. Kf3 Nc2 24. Qa2 Nxa1 25. Rxa1 Qd8 26. e4 Qf6+ 27.
Bf4 g5 28. g3 gxf4 29. gxh4 Qxh4 30. Rh1 Kh8 31. Qa1 Rg8 32. Rg1 Qh3+ 33. Rg3
Rxg3+ 34. Kxf4 Rg4+ 35. Kf5 Rg1+ 0-1

[Event "17. Obert Int. Sant Marti 2015 - B"]
[Site "Barcelona ESP"]
[Date "2015.07.19"]
[Round "7.28"]
[White "Aparici Dealbert, Manel"]
[Black "Gonzalez Martin, Fernando"]
[Result "0-1"]
[WhiteElo "1988"]
[BlackElo "1921"]
[PlyCount "120"]
[EventDate "2015.07.13"]
[EventType "swiss"]
[EventRounds "9"]
[EventCountry "ESP"]
[SourceTitle "Ajedrez en Madrid"]
[Source "lmi"]
[SourceDate "2015.07.13"]
[SourceVersion "1"]
[SourceVersionDate "2019.06.21"]
[SourceQuality "1"]

1. d4 Nf6 2. c4 g6 3. Nc3 d5 4. Bg5 Ne4 5. Nxe4 dxe4 6. Qd2 Bg7 7. Rd1 h6 8.
Bf4 Nc6 9. e3 e5 10. dxe5 Qxd2+ 11. Rxd2 Nxe5 12. Rd5 Nc6 13. Rd2 Ne5 14. c5
Be6 15. a3 O-O 16. Ne2 Nd3+ 17. Rxd3 exd3 18. Nd4 Bxd4 19. exd4 c6 20. Bxd3 g5
21. Bg3 Rad8 22. Bd6 Rfe8 23. Kd2 Kg7 24. Rf1 b5 25. f4 f6 26. fxg5 hxg5 27.
Rf2 Rh8 28. h3 Rh4 29. Re2 Kf7 30. Kc3 a5 31. Bg6+ Kxg6 32. Rxe6 Kf5 33. Re7 g4
34. hxg4+ Rxg4 35. g3 Rc8 36. Kd3 Rgg8 37. b3 Rge8 38. Ra7 Ra8 39. Rc7 Rec8 40.
Re7 a4 41. b4 Re8 42. d5 Rxe7 43. Bxe7 cxd5 44. Kd4 Ke6 45. Bd6 Rg8 46. Bf4 Rc8
47. Bd6 Rh8 48. Bf4 Rh1 49. Kc3 Kd7 50. Kb2 Rf1 51. Bb8 Rf3 52. Bf4 d4 53. Bd6
Kc6 54. Bf4 Kd5 55. Bd6 Rc3 56. Be7 f5 57. Bd6 Rc4 58. Bf4 Ke4 59. Bd2 Kf3 60.
Bf4 Ke2 0-1

[Event "17. Obert Int. Sant Marti 2015 - B"]
[Site "Barcelona ESP"]
[Date "2015.07.19"]
[Round "7.29"]
[White "Villa Cardenas, Jorge"]
[Black "Corominas Garrido, Antoni"]
[Result "0-1"]
[WhiteElo "1892"]
[BlackElo "2011"]
[PlyCount "60"]
[EventDate "2015.07.13"]
[EventType "swiss"]
[EventRounds "9"]
[EventCountry "ESP"]
[SourceTitle "Ajedrez en Madrid"]
[Source "lmi"]
[SourceDate "2015.07.13"]
[SourceVersion "1"]
[SourceVersionDate "2019.06.21"]
[SourceQuality "1"]

1. e4 c6 2. d4 d5 3. exd5 cxd5 4. Nf3 Bg4 5. h3 Bh5 6. Be3 e6 7. Nbd2 Nc6 8.
Bd3 Bd6 9. c3 Nge7 10. Qc2 Bg6 11. O-O Rc8 12. a3 O-O 13. Rac1 Qb6 14. Ng5 Nf5
15. b4 Ncxd4 16. Bxd4 Nxd4 17. Qb1 Ne2+ 18. Kh1 Nxc1 19. Bxg6 hxg6 20. Qxc1 Bf4
21. Ngf3 Qc7 22. g3 Bxd2 23. Qxd2 Qxc3 24. Qe2 Rc4 25. Ng5 Qf6 26. h4 Rfc8 27.
Qe3 b6 28. Re1 Rc3 29. Qd2 Rc2 30. Qd3 Qxf2 0-1

[Event "17. Obert Int. Sant Marti 2015 - B"]
[Site "Barcelona ESP"]
[Date "2015.07.19"]
[Round "7.30"]
[White "Calbet Freixanet, Eduard"]
[Black "Gonzalez Alonso, Marti"]
[Result "1-0"]
[WhiteElo "1890"]
[BlackElo "1949"]
[PlyCount "69"]
[EventDate "2015.07.13"]
[EventType "swiss"]
[EventRounds "9"]
[EventCountry "ESP"]
[SourceTitle "Ajedrez en Madrid"]
[Source "lmi"]
[SourceDate "2015.07.13"]
[SourceVersion "1"]
[SourceVersionDate "2019.06.21"]
[SourceQuality "1"]

1. d4 d5 2. c4 e6 3. Nc3 g6 4. Nf3 Bg7 5. e4 dxe4 6. Nxe4 Nf6 7. Bg5 Nc6 8. a3
h6 9. Bxf6 Bxf6 10. Nxf6+ Qxf6 11. Qd2 Kf8 12. Be2 Kg7 13. O-O-O b6 14. h4 Na5
15. Qc2 Bb7 16. h5 Rad8 17. Ne5 Qf4+ 18. Kb1 Rxd4 19. Qc3 Rhd8 20. Rxd4 Qxd4
21. Qxd4 Rxd4 22. hxg6 Re4 23. gxf7 Rxe5 24. Bh5 Nxc4 25. g4 Nd6 26. Rd1 Bd5
27. f4 Re3 28. f5 Be4+ 29. Ka1 exf5 30. gxf5 Rh3 31. Rg1+ Kf8 32. Rg8+ Ke7 33.
f8=Q+ Kd7 34. Be8+ Nxe8 35. Qxe8+ 1-0

[Event "17. Obert Int. Sant Marti 2015 - B"]
[Site "Barcelona ESP"]
[Date "2015.07.19"]
[Round "7.31"]
[White "Valbuena Castro, Gregorio"]
[Black "Varela Cuadrado, Cesar"]
[Result "1-0"]
[WhiteElo "1944"]
[BlackElo "1876"]
[PlyCount "99"]
[EventDate "2015.07.13"]
[EventType "swiss"]
[EventRounds "9"]
[EventCountry "ESP"]
[SourceTitle "Ajedrez en Madrid"]
[Source "lmi"]
[SourceDate "2015.07.13"]
[SourceVersion "1"]
[SourceVersionDate "2019.06.21"]
[SourceQuality "1"]

1. e4 c5 2. b4 cxb4 3. d4 e6 4. Nf3 Nf6 5. Bd3 d5 6. e5 Ne4 7. O-O Nc6 8. Re1
Nc3 9. Nxc3 bxc3 10. Ng5 a6 11. Bxh7 Be7 12. Nxf7 Kxf7 13. Qf3+ Ke8 14. Bg6+
Kd7 15. Be3 Qf8 16. Qe2 Ba3 17. Rab1 Bb2 18. f4 Nxd4 19. Qf2 Nf5 20. Bc5 Qd8
21. Bxf5 Qh4 22. g3 Qh5 23. Bd3 Kc6 24. Bd6 b6 25. a4 Bd7 26. a5 Qxh2+ 27. Qxh2
Rxh2 28. Kxh2 bxa5 29. Rxb2 cxb2 30. Rb1 Be8 31. Rxb2 Bh5 32. c4 Bf3 33. Rb8
Rxb8 34. Bxb8 Kc5 35. Ba7+ Kb4 36. cxd5 Bxd5 37. g4 Kc3 38. Bxa6 a4 39. Bc5 Kb3
40. f5 a3 41. f6 gxf6 42. exf6 e5 43. Bxa3 Kxa3 44. g5 Bf7 45. Bd3 Kb4 46. g6
Kc3 47. gxf7 Kxd3 48. f8=Q e4 49. Qd6+ Ke2 50. f7 1-0

[Event "17. Obert Int. Sant Marti 2015 - B"]
[Site "Barcelona ESP"]
[Date "2015.07.19"]
[Round "7.32"]
[White "Nin Serres, Pere"]
[Black "Muratet Carmona, Julia"]
[Result "0-1"]
[WhiteElo "1877"]
[BlackElo "1942"]
[PlyCount "40"]
[EventDate "2015.07.13"]
[EventType "swiss"]
[EventRounds "9"]
[EventCountry "ESP"]
[SourceTitle "Ajedrez en Madrid"]
[Source "lmi"]
[SourceDate "2015.07.13"]
[SourceVersion "1"]
[SourceVersionDate "2019.06.21"]
[SourceQuality "1"]

1. d4 d5 2. Nf3 Nf6 3. Bf4 e6 4. e3 Bd6 5. Bg5 Nbd7 6. Bd3 h6 7. Bh4 c5 8. c3
Qb6 9. Qb3 Qa5 10. Qb5 Qc7 11. Bxf6 gxf6 12. c4 a6 13. Qb3 cxd4 14. exd4 dxc4
15. Qxc4 Qxc4 16. Bxc4 b5 17. Be2 Bb7 18. Nbd2 Rc8 19. O-O Rc2 20. b3 Bxf3 0-1

[Event "17. Obert Int. Sant Marti 2015 - B"]
[Site "Barcelona ESP"]
[Date "2015.07.19"]
[Round "7.33"]
[White "Padilla Carmona, Francesc"]
[Black "Fungueiriño Pique, Daniel"]
[Result "1-0"]
[WhiteElo "1937"]
[BlackElo "1859"]
[PlyCount "91"]
[EventDate "2015.07.13"]
[EventType "swiss"]
[EventRounds "9"]
[EventCountry "ESP"]
[SourceTitle "Ajedrez en Madrid"]
[Source "lmi"]
[SourceDate "2015.07.13"]
[SourceVersion "1"]
[SourceVersionDate "2019.06.21"]
[SourceQuality "1"]

1. e4 e6 2. d4 d5 3. Nc3 Bb4 4. e5 c5 5. a3 Bxc3+ 6. bxc3 Ne7 7. f4 Nbc6 8. Nf3
Bd7 9. Bd3 c4 10. Be2 h6 11. O-O Qc7 12. a4 Na5 13. Ba3 Bc6 14. Bd6 Qd7 15. Nh4
g6 16. Qe1 b6 17. g4 Bxa4 18. Bxe7 Kxe7 19. Bd1 Bc6 20. f5 Qe8 21. fxg6 Rf8 22.
Rf6 Kd7 23. Qe3 fxg6 24. Rxg6 Qf7 25. Rf6 Qg7 26. Qxh6 Qxh6 27. Rxh6 Rh8 28.
Rxh8 Rxh8 29. Nf3 Ke7 30. Kg2 Be8 31. Kg3 Bg6 32. h3 Rf8 33. h4 Nc6 34. h5 Bh7
35. g5 Rg8 36. g6 Bxg6 37. hxg6 Rxg6+ 38. Kf2 Kd7 39. Be2 Kc7 40. Nh4 Rg7 41.
Ng2 b5 42. Nf4 Re7 43. Bg4 Kd7 44. Nxd5 Rf7+ 45. Nf6+ Ke7 46. Bf3 1-0